| 000 | 00931nam a2200253 a 4500 | ||
|---|---|---|---|
| 001 | 53156 | ||
| 003 | BD-RjUL | ||
| 005 | 20211209075923.0 | ||
| 008 | 161003s2003 us a b 001 0 eng | ||
| 020 | _a0821344943 | ||
| 035 | _a(BD-RjUL)53276 | ||
| 040 |
_aDLC _cDLC _dBD-RjUL _beng |
||
| 041 | _aeng | ||
| 082 | 0 | 0 |
_223 _a362.11091724 _bINN 2003 |
| 245 | 0 | 0 |
_aInnovations in health service delivery : _bthe corporatization of public hospitals / _c edited by Alexander S. Preker, April Harding, |
| 260 |
_aWashington, D.C. : _bWorld Bank, _cc2003. |
||
| 300 |
_axx, 618 p. : _bill. ; _c22 cm. |
||
| 504 | _aIncludes bibliographical references and index. | ||
| 650 | 0 |
_aHospitals _zDeveloping countries _xAdministration. _9158892 |
|
| 650 | 0 |
_aHospitals _zDeveloping countries _xAdministration _vCase studies. _9158893 |
|
| 700 | 1 |
_aPreker, Alexander S., _d1951- _9158894 |
|
| 700 | 1 |
_aHarding, April, _d1964- _9158895 |
|
| 942 |
_2ddc _cBK |
||
| 999 |
_c53156 _d53156 |
||